| 000 | 00380nam a22001337a 4500 | ||
|---|---|---|---|
| 040 | _cNUST | ||
| 082 |
_a629.381 _bMOD |
||
| 100 |
_aWasson, James W _9118661 |
||
| 245 |
_aDigital Techniques Electronic Instrument System : _bModule 5 / _cJames W. Wasson |
||
| 260 |
_aUnited States : _bAircraft Technical Book Company; _c2016. |
||
| 300 | _a139p. | ||
| 521 | _bHB | ||
| 942 |
_2ddc _cBK |
||
| 999 |
_c606839 _d606839 |
||